Statistics for Merry Christmas in Different Languages

Click here to take the quiz!

General Stats

  • This quiz has been taken 803 times
  • The average score is 9 of 20

Answer Stats

Merry Christmas!Language% Correct
Feliz NavidadSpanish
97%
Frohe WeihnachtGerman
96%
Joyeux NoëlFrench
94%
Sheng Dan Kuai LeMandarin
83%
Buon NataleItalian
64%
Feliz NatalPortuguese
59%
Wesołych ŚwiątPolish
53%
Vrolijk KerstfeestDutch
49%
Eid Milad MajidArabic
41%
S RozhdestvomRussian
40%
Glædelig JulDanish
38%
Gleðileg jólIcelandic
35%
Mele KalikimakaHawaiian
32%
Sretan BožićCroatian
31%
Nadolig LlawenWelsh
28%
Kala ChristouyennaGreek
23%
Prejeme Vam Vesele VanoceCzech
21%
Mo'adim Lesimkha. Chena tovaHebrew
20%
Meri KuriJapanese
19%
Selamat NatalIndonesian
15%

Score Distribution

Percentile by Number Answered

Percent of People with Each Score

Your Score History

You have not taken this quiz